000 00413nam a2200157Ia 4500
003 GCL
008 140319s9999 xx 000 0 eng d
040 _aGCL /
_cGCL
082 0 4 _a005.13
_bO E
100 1 _aO'HARA, SHELLEY
245 1 0 _aEASY WINDOW: 3.1 EDITION /
_cO'HARA, SHELLEY
260 _a[S.N] :
_bQUE CORPORATION ،
_c1992
300 _a193 P P
650 0 4 _aCOMPUTER - PROGRAMMERS
942 _2ddc
_cBK
999 _c17114
_d17114